000 00444nam a2200157Ia 4500
003 GCL
008 140319s9999 xx 000 0 ara d
040 _aGCL /
_cGCL
082 0 4 _aد
_b050
100 1 _aحسين الشافعى
245 1 0 _aفى مولدالنبى (اقرا 341 ) /
_cحسين الشافعى
300 _a160
490 _aاقرأ
_v0
650 0 4 _aالرسول محمد صلى الله عليه وسلم
942 _2ddc
_cBK
999 _c48628
_d48628